Normal view
MARC view
Entry Personal Name
001 - CONTROL NUMBER
- control field: 57437
003 - CONTROL NUMBER IDENTIFIER
- control field: dpl
005 - DATE AND TIME OF LATEST TRANSACTION
- control field: 20230926114257.0
008 - FIXED-LENGTH DATA ELEMENTS
- fixed length control field: 230926|| aca||aabn | a|a d
040 ## - CATALOGING SOURCE
- Original cataloging agency: dpl
- Transcribing agency: dpl
100 ## - HEADING--PERSONAL NAME
- Personal name: Kamal,m.p
670 ## - SOURCE DATA FOUND
- Source citation: Work cat.: (dpl)198549: Kamal,m.p., child abuse:, 2015
